Guidelines for watershed development (Record no. 483834)

000 -LEADER
fixed length control field 00389cam a22001217a 4500
008 - FIXED-LENGTH DATA ELEMENTS--GENERAL INFORMATION
fixed length control field 180718b1994 xxu||||| |||| 00| 0 eng d
082 ## - DEWEY DECIMAL CLASSIFICATION NUMBER
Classification number Y118x54 G941
245 ## - TITLE STATEMENT
Title Guidelines for watershed development
Statement of responsibility, etc. by Ministry of Rural Development
260 ## - PUBLICATION, DISTRIBUTION, ETC.
Place of publication, distribution, etc. New Delhi
Name of publisher, distributor, etc. The author
Date of publication, distribution, etc. 1994
300 ## - PHYSICAL DESCRIPTION
Extent 90+p.
650 ## - SUBJECT ADDED ENTRY--TOPICAL TERM
Topical term or geographic name entry element Watershed management - India
700 ## - ADDED ENTRY--PERSONAL NAME
Personal name India. Ministry of Rural Development
Holdings
Withdrawn status Lost status Damaged status Not for loan Permanent Location Current Location Date acquired Full call number Barcode Date last seen Price effective from Koha item type
        Indian Institute of Public Administration Indian Institute of Public Administration 2018-08-04 Y118x54 G941 GR16677 2018-08-04 2018-08-04 GR
        Indian Institute of Public Administration Indian Institute of Public Administration 2018-08-04 Y118x54 G941 GG24097 2018-08-04 2018-08-04 GG

Powered by Koha